000 00568pam a2200217 a 4500
020 _c
040 _aMedical College Libr
041 _aENG
_hENG
082 _a616
100 _aWashington Manual, .
245 _aThe Washington Manual of Medical Therapeutics /
_c
_hTextual Documents
250 _a29th /
_b.
260 _a :
_bLippincott Raven ,
_c1998.
300 _a129 ;
_c
365 _a741=00
653 _aMedicine
_aMedical Science
700 _aCharles, F .C. .
930 _a2520
999 _c2519
_d2519